Príspevok k otázke vzťahu knihovedy a knižnej kultúry

Bibliographic Details
Main Author: Mihalkovičová, Beáta, 1964- (Author)
Format: Article
Language:Slovak
Subjects:

MARC

LEADER 00000nab a2200000 a 4500
001 vtls000421022
003 SK-MaSNL
005 20260303165459.0
008 230120c1991 xo 0 slo
015 |a SNBRB19rr/mm-uuuuu 
035 |a CL0421150 
035 |a urn:nbn:sk:snk-abblyt 
035 |a (urnnbn)urn:nbn:sk:snk:ar-004pbs 
035 |a (uuid)6e860a9b-c517-41f0-8464-645f67756503 
040 |a SNKBUCL  |b slo  |c SNKBUCL  |e AACR2 
041 0 |a slo 
044 |a xo  |c SK 
080 |a 09  |2 1981 
100 1 |a Mihalkovičová, Beáta,  |d 1964-  |4 aut  |9 223394 
245 1 0 |a Príspevok k otázke vzťahu knihovedy a knižnej kultúry  |c Beáta Mihalkovičová 
650 0 7 |a knihoveda  |2 snkbucl  |9 68931 
650 0 7 |a knižná kultúra  |2 snkbucl  |9 31235 
655 7 |a články z novín a časopisov  |2 snkbucl  |9 267496 
655 7 |a články z odboru knihovníctvo  |2 snkbucl  |9 166141 
773 0 |t Knižnice a vedecké informácie  |g Roč. 23, č. 3 (1991), s. 131-133 
850 |a Slovenská národná knižnica v Martine  |a MTA001 
852 |a SNK  |b KIS3GCP 
954 |a odborná, vedecká literatúra pôvodná (slovenská)  |2 lita 
958 |a RK 
958 |a KL 
958 |a OND 
958 |a EUIPO 
958 |a article15 
992 |a RBX 
999 |c 2071948  |d 2073878